000 00602nam a2200205Ia 4500
005 20250923145243.0
008 008 250917s9999 xx 000 0 eng d
037 _aTextual
040 _aDSWL
_beng
_cDSWL
041 _aeng
_2eng
084 _aX:979c.2N6, N67
_qDSWL
100 _aArya, V.P.
_9833395
245 2 _aA guide to settlement of Industrial disputes
_cby V.P. Arya
260 _aCalcutta
_bManagement Publications
_c1967
300 _a464p.
365 _aINR
_b20.00
925 _g20.00
942 _cTEXL
_hX:979c.2N6, N67
999 _c1449020
_d1449020